000
00283nam a2200109Ia 4500
100
_a
Wong Sean Giap
245
0
_a
Evaluation of Epoxidised Natural Rubber latices for adhesives
650
_a
Adhesives
650
_a
Epoxidised natural rubber
700
_a
Chen Seong Fong
942
_c
JS
999
_c
58923
_d
58923